Elementary differential equations and boundary value problems
Saved in:
| Main Authors: | , |
|---|---|
| Format: | Bog |
| Sprog: | engelsk |
| Udgivet: |
Nueva York
John Wiley
1986
|
| Udgivelse: | 4a. ed |
| Fag: | |
| Tags: |
Tilføj Tag
Ingen Tags, Vær først til at tagge denne postø!
|
MARC
| LEADER | 00000nam a2200000 a 4500 | ||
|---|---|---|---|
| 001 | UCX3898 | ||
| 003 | CL-VaPUC | ||
| 008 | 920117e19860000US |||||||||||||||||eng|d | ||
| 082 | 0 | 4 | |a 515.35 |b BOY |2 21 |
| 100 | 0 | |a Boyce, William E |e author |9 320099 | |
| 700 | 0 | |a DiPrima, Richard C |e author |9 320100 | |
| 245 | 1 | 0 | |a Elementary differential equations and boundary value problems |
| 250 | |a 4a. ed | ||
| 300 | |a 703 p | ||
| 942 | |c BK | ||
| 945 | |d 19920117 00:00:00 | ||
| 260 | |a Nueva York |b John Wiley |c 1986 | ||
| 650 | 0 | |a Ecuaciones diferenciales |9 260083 | |
| 650 | 0 | |a Problemas de valores de contorno |9 304988 | |
| 583 | |a last modification |c 19920117 00:00:00 |k Rodrigo Vera | ||
| 999 | |c 224519 |d 224517 | ||
| 952 | |0 0 |1 0 |4 0 |6 515_350000000000000_BOY_1986 |7 0 |8 A |9 221216 |a BIBCUR |b BIBCUR |d 2019-11-15 |i 3177750 |o 515.35 BOY 1986 |p 3177750 |r 2025-04-22 |w 2019-11-15 |y BK |k BCB | ||